From my front porch : (Record no. 33545)

MARC details
000 -LEADER
fixed length control field 00832nam a22002417a 4500
005 - DATE AND TIME OF LATEST TRANSACTION
control field 19970904051429.3
008 - FIXED-LENGTH DATA ELEMENTS--GENERAL INFORMATION
fixed length control field 970904m19271929ii a 001 0aeng
010 ## - LCCN (DPL NO)
LC control number ENG-95795
020 ## - INTERNATIONAL STANDARD BOOK NUMBER
International Standard Book Number 8126026278
Terms of availability 150.00
020 ## - INTERNATIONAL STANDARD BOOK NUMBER
International Standard Book Number 9788126026272
Terms of availability 150.00
035 ## - SYSTEM CONTROL NUMBER
System control number EN-79328
037 ## - SOURCE OF ACQUISITION
Source of stock number/acquisition DBAD/PUB
040 ## - CATALOGING SOURCE
Original cataloging agency DPL
082 ## - DEWEY DECIMAL CLASSIFICATION NUMBER
Classification number S
245 ## - TITLE STATEMENT
Title From my front porch :
Statement of responsibility, etc compiled and translated by Malathi Nidadavolu
Remainder of title an anthology of Telugu stories
260 ## - PUBLICATION, DISTRIBUTION, ETC. (IMPRINT)
Place of publication, distribution, etc New Delhi
Name of publisher, distributor, etc Sahitya Akademi
Date of publication, distribution, etc 2009
270 ## - ADDRESS
City New Delhi
Postal code 110006
Address 35, Rabindra Bhavan
300 ## - PHYSICAL DESCRIPTION
Extent 313p.
Dimensions 22 cm.(Pbk)
700 ## - ADDED ENTRY--PERSONAL NAME
Personal name Nidadavolu, Malathi
942 ## - ADDED ENTRY ELEMENTS (KOHA)
Source of classification or shelving scheme Dewey Decimal Classification
Item type English Books
Call number suffix FRO
Classification part S
Holdings
Withdrawn status Lost status Source of classification or shelving scheme Damaged status Not for loan Collection code Home library Current library Date acquired Source of acquisition Cost, normal purchase price Total Checkouts Full call number Barcode Date last seen Copy number Cost, replacement price Koha item type
    Dewey Decimal Classification   Not For Loan Fiction D.B.Act.Division D.B.Act.Division 01/01/2010 DBAD/PUB 150.00   S FRO EN-79328 08/01/2010 1 150.00 English Books

© Delhi Public Library
Hit Counter
free hit counter